Score 0/23 Timer 08:00
0 Plays Today
Episode Character % Correct
Worlds Apart: Part 1Spider-Man\\Peter Parker
98.1%
Worlds Apart: Part 1Venom
92.2%
Worlds Apart: Part 1Carnage
87%
Worlds Apart: Part 1Nick Fury
85.1%
Worlds Apart: Part 1Mary Jane Watson
83.1%
Worlds Apart: Part 1John Jameson
75.3%
Worlds Apart: Part 1James Jonah Jameson
72.1%
Where Evil NestsGreen Goblin
63%
Cry VultureFire Drake
62.3%
Enter the HunterThe Hunter
53.9%
Ill-Met by MoonlightElectro
40.3%
Worlds Apart: Part 1High Evolutionary
30.5%
Episode Character % Correct
Worlds Apart: Part 1Lady Vermin
21.4%
Worlds Apart: Part 1Lord Tyger
21.4%
Steel Cold HeartX-51
20.8%
Worlds Apart: Part 1Sir Ram
14.9%
Worlds Apart: Part 2Shane Yamada-Jones
12.3%
Worlds Apart: Part 2Karen O'Malley
11%
Worlds Apart: Part 2Naoko Tamada-Jones
11%
Worlds Apart: Part 2Git Hoskins
9.7%
Where Evil NestsMr. Meugniot
7.8%
Worlds Apart: Part 1Lady Ursa
5.8%
Worlds Apart: Part 2Daniel Bromley
4.5%
Remove Ads.
Support Sporcle.
Get the best of Sporcle when you Go Orange. This ad-free experience offers more features, more stats, and more fun while also helping to support Sporcle. Thank you for becoming a member.

You're not logged in!

Compare scores with friends on all Sporcle quizzes.
OR
Log In

Show Comments

Extras

Top Quizzes Today


Score Distribution

Your Account Isn't Verified!

In order to create a playlist on Sporcle, you need to verify the email address you used during registration. Go to your Sporcle Settings to finish the process.

Report this User

Report this user for behavior that violates our Community Guidelines.

Details: